000 00282nam a2200133Ia 4500
008 220613s9999||||xx |||||||||||||| ||und||
100 _aIrina Tweedie
245 4 _aThe Chasm Of Fire
250 _a1979
260 _bELEMENT BOOKS
300 _a206
650 _aOther
942 _cGB
999 _c3504
_d3504